28 Ways Not to 'Dine' Quiz Stats

Quiz Updated Sep 14, 2015

Challenge
Share
Tweet
Embed
Score 0/28 Timer 02:00
4 Plays Today
% Correct
Fine
97.9%
Mine
96.9%
Line
96.8%
Wine
96.1%
Done
95.7%
Pine
95.1%
Tine
95%
Sine
94.5%
Dune
93.1%
Nine
92.2%
Bine
92%
Vine
90.4%
Cine
88.6%
Dene
88.3%
% Correct
Zine
85.9%
Dime
84.7%
Dyne
83.5%
Kine
83.4%
Dice
81.1%
Dire
80.3%
Dite
74.3%
Dint
73.4%
Dive
72.7%
Dike
70.1%
Dino
67.6%
Dins
66.4%
Ding
65.3%
Dink
63.7%

You're not logged in!

Compare scores with friends on all Sporcle quizzes.
Join for Free
OR
Log In

You Might Also Like...

Show Comments

Extras

Top Quizzes Today


Score Distribution

Your Account Isn't Verified!

In order to create a playlist on Sporcle, you need to verify the email address you used during registration. Go to your Sporcle Settings to finish the process.

Report this User

Report this user for behavior that violates our Community Guidelines.

Details: